[Event "Torneo de Otoño C.C.C. 2016"]
[Site "Colmenarejo ESP"]
[Date "2016.10.30"]
[Round "6.1"]
[White "Minguez Greciano, Iluminada"]
[Black "Garcia Diaz, Alejandro"]
[Result "1-0"]
[WhiteElo "1803"]
[BlackElo "1771"]
[PlyCount "122"]
[EventDate "2016.09.25"]
[EventType "swiss"]
[EventRounds "7"]
[EventCountry "ESP"]
[SourceTitle "AeM"]
[Source "lmi"]
[SourceDate "2016.09.25"]

1. c4 Nf6 2. g3 e5 3. Bg2 Nc6 4. Nc3 Bb4 5. Nd5 Bc5 6. e3 O-O 7. Ne2 Nxd5 8.
cxd5 Ne7 9. O-O c6 10. e4 cxd5 11. exd5 d6 12. d4 exd4 13. Nxd4 Nf5 14. Nxf5
Bxf5 15. Be3 Qb6 16. Qd2 Rac8 17. Rac1 Rfe8 18. Bxc5 Rxc5 19. Rxc5 Qxc5 20. Rc1
Qb6 21. b3 h6 22. Rc4 Qa6 23. Bf1 Qb6 24. Bg2 Bd7 25. Qc3 Bf5 26. Qd2 Kh7 27.
Kf1 Qb5 28. Kg1 Qd7 29. h4 Qe7 30. Qf4 Qe1+ 31. Kh2 Bg6 32. g4 Qe7 33. Kg3 Bb1
34. a3 Bd3 35. Rc3 Bb1 36. Re3 Qd7 37. Rxe8 Qxe8 38. Qxd6 Qb5 39. Qf4 Qxb3+ 40.
Qe3 Qa4 41. d6 Ba2 42. Qe4+ Qxe4 43. Bxe4+ Kg8 44. Bxb7 Be6 45. Bc6 Kf8 46. Kf4
g6 47. f3 a5 48. Ke5 Kg7 49. d7 Bxd7 50. Bxd7 f6+ 51. Kd5 Kf7 52. Kc5 Ke7 53.
Bc6 f5 54. gxf5 gxf5 55. Kb5 Kf6 56. Kxa5 Ke5 57. Kb5 Kf4 58. a4 Kg3 59. h5 Kh4
60. a5 Kxh5 61. a6 Kg5 1-0

[Event "Torneo de Otoño C.C.C. 2016"]
[Site "Colmenarejo ESP"]
[Date "2016.10.30"]
[Round "6.2"]
[White "Garcia  Fernandez, Jose  Luis"]
[Black "Martin Andres, Carlos"]
[Result "1-0"]
[WhiteElo "1789"]
[BlackElo "1507"]
[PlyCount "101"]
[EventDate "2016.09.25"]
[EventType "swiss"]
[EventRounds "7"]
[EventCountry "ESP"]
[SourceTitle "AeM"]
[Source "lmi"]
[SourceDate "2016.09.25"]

1. Nf3 Nc6 2. d4 d5 3. c4 e6 4. Nc3 Bb4 5. e3 a6 6. Bd3 Nf6 7. O-O O-O 8. Qc2
h6 9. Rd1 Be7 10. e4 Nb4 11. Qe2 Nxd3 12. Qxd3 Bb4 13. e5 Nh7 14. Be3 c6 15. a3
Bxc3 16. Qxc3 Qb6 17. Rac1 dxc4 18. Nd2 Qb5 19. Nxc4 Bd7 20. Nd6 Qb6 21. Qd2
Qc7 22. Rc3 f6 23. h4 g5 24. hxg5 hxg5 25. Kh2 Rad8 26. Rh1 Bc8 27. Qd3 f5 28.
Kg1 Qg7 29. Bd2 Rd7 30. Rh5 Qg6 31. Qh3 Re7 32. Rh6 Qg7 33. Qh5 Rc7 34. Rg6 g4
35. Bh6 Qxg6 36. Qxg6+ Kh8 37. Bxf8 Nxf8 38. Nf7+ Rxf7 39. Qxf7 Nh7 40. Qe8+
Kg7 41. Qxc8 Ng5 42. Qxb7+ Kg6 43. Rxc6 f4 44. Rc7 Kf5 45. Rc8 g3 46. f3 a5 47.
Rf8+ Kg6 48. Rg8+ Kf5 49. Qg7 Nxf3+ 50. gxf3 a4 51. Qg6# 1-0

[Event "Torneo de Otoño C.C.C. 2016"]
[Site "Colmenarejo ESP"]
[Date "2016.10.30"]
[Round "6.3"]
[White "Criado Riesgo, Manuel"]
[Black "Melcon Diez, Enrique"]
[Result "1/2-1/2"]
[WhiteElo "1642"]
[BlackElo "1641"]
[PlyCount "127"]
[EventDate "2016.09.25"]
[EventType "swiss"]
[EventRounds "7"]
[EventCountry "ESP"]
[SourceTitle "AeM"]
[Source "lmi"]
[SourceDate "2016.09.25"]

1. d4 Nf6 2. c4 c5 3. d5 b5 4. cxb5 a6 5. b6 Bb7 6. Nc3 e6 7. e4 exd5 8. exd5
d6 9. Nf3 Nbd7 10. Be2 Nxb6 11. Bg5 Be7 12. Bxf6 Bxf6 13. Qb3 Bxc3+ 14. bxc3
Bxd5 15. c4 Be6 16. O-O O-O 17. Rfd1 Rb8 18. Qc2 Qf6 19. Rac1 Rfd8 20. Nd2 d5
21. cxd5 Rxd5 22. Nb3 Bf5 23. Qc3 Rxd1+ 24. Bxd1 Re8 25. Kf1 Qxc3 26. Rxc3 c4
27. Nd4 Rd8 28. Nxf5 Rxd1+ 29. Ke2 Rb1 30. Ra3 Rb5 31. Ne3 a5 32. Kd2 f6 33.
Kc3 Kf7 34. Kd4 Ke6 35. Nxc4 Rb4 36. Rc3 Ra4 37. a3 Nxc4 38. Rxc4 Rxa3 39. Rc6+
Kf7 40. Rc2 a4 41. Kc4 Rb3 42. Ra2 g5 43. Kc5 a3 44. Kc4 Rb2 45. Rxa3 Rxf2 46.
Rg3 h5 47. Kd3 h4 48. Rg4 Kg6 49. Ke3 Ra2 50. h3 f5 51. Rd4 Rxg2 52. Rd6+ Kh5
53. Rd5 f4+ 54. Ke4 Rg3 55. Kf5 Rxh3 56. Rd8 Kh6 57. Kf6 Kh5 58. Kf5 Kh6 59.
Kf6 Kh7 60. Kxg5 f3 61. Rf8 Rh1 62. Rxf3 h3 63. Kg4 h2 64. Kg3 1/2-1/2

[Event "Torneo de Otoño C.C.C. 2016"]
[Site "Colmenarejo ESP"]
[Date "2016.10.30"]
[Round "6.4"]
[White "Lopez Perolio, Jorge"]
[Black "Olmedo Alvarez, Jesus"]
[Result "1-0"]
[WhiteElo "1931"]
[BlackElo "1335"]
[PlyCount "85"]
[EventDate "2016.09.25"]
[EventType "swiss"]
[EventRounds "7"]
[EventCountry "ESP"]
[SourceTitle "AeM"]
[Source "lmi"]
[SourceDate "2016.09.25"]

1. e4 e6 2. d4 d5 3. Nd2 c5 4. dxc5 Bxc5 5. Nb3 Bb6 6. exd5 exd5 7. Nf3 Nf6 8.
Bg5 Be6 9. Bb5+ Nc6 10. Nbd4 Rc8 11. Qe2 O-O 12. Nxe6 fxe6 13. Qxe6+ Kh8 14.
O-O Qc7 15. c3 Rcd8 16. Rad1 Rd6 17. Qe2 Ne4 18. Be3 Bxe3 19. Qxe3 Rh6 20. h3
Ne5 21. Nxe5 Qxe5 22. Bd3 Qf6 23. Bxe4 dxe4 24. Qxe4 Rh4 25. Qe3 b6 26. Rd4 Rh5
27. Rf4 Re5 28. Re4 Rxe4 29. Qxe4 Qf5 30. Qxf5 Rxf5 31. Rd1 h6 32. Rd8+ Kh7 33.
Rd4 Re5 34. Kf1 Ra5 35. a4 Rc5 36. Ke2 a6 37. Rb4 b5 38. axb5 axb5 39. f4 Kg6
40. Ke3 Kf5 41. g4+ Ke6 42. h4 Kf6 43. Kd4 1-0

[Event "Torneo de Otoño C.C.C. 2016"]
[Site "Colmenarejo ESP"]
[Date "2016.10.30"]
[Round "6.5"]
[White "Peña Hernandez, Javier"]
[Black "Mataix Fernandez, Ricardo"]
[Result "0-1"]
[WhiteElo "1393"]
[BlackElo "1807"]
[PlyCount "42"]
[EventDate "2016.09.25"]
[EventType "swiss"]
[EventRounds "7"]
[EventCountry "ESP"]
[SourceTitle "AeM"]
[Source "lmi"]
[SourceDate "2016.09.25"]

1. d4 f5 2. Bf4 Nf6 3. h3 e6 4. Nf3 Be7 5. a3 O-O 6. Nc3 c6 7. e3 Qb6 8. b4 d5
9. Be2 Nbd7 10. O-O Ne4 11. Nxe4 fxe4 12. Nd2 Nf6 13. c4 Qd8 14. Qc2 Bd6 15.
Bxd6 Qxd6 16. c5 Qc7 17. f3 Qg3 18. fxe4 Qxe3+ 19. Kh1 Qxe2 20. e5 Ne4 21.
Rxf8+ Kxf8 0-1

[Event "Torneo de Otoño C.C.C. 2016"]
[Site "Colmenarejo ESP"]
[Date "2016.10.30"]
[Round "6.6"]
[White "Rodriguez Gomez, Jose"]
[Black "Andrés Senra, Sergio Ivan"]
[Result "1/2-1/2"]
[WhiteElo "1589"]
[BlackElo "1642"]
[PlyCount "112"]
[EventDate "2016.09.25"]
[EventType "swiss"]
[EventRounds "7"]
[EventCountry "ESP"]
[SourceTitle "AeM"]
[Source "lmi"]
[SourceDate "2016.09.25"]

1. e4 c6 2. d4 d5 3. e5 Bf5 4. Bd3 Bxd3 5. Qxd3 e6 6. Nf3 c5 7. c3 cxd4 8. cxd4
Qb6 9. a3 Ne7 10. Nc3 a6 11. b4 Nd7 12. O-O a5 13. Rb1 Rc8 14. Nb5 Ng6 15. bxa5
Qxa5 16. Bd2 Qa4 17. Bb4 Rc4 18. Bxf8 Kxf8 19. Nd6 Ke7 20. Nxc4 Nf4 21. Qb3
Qxc4 22. Qxc4 dxc4 23. g3 Nd5 24. Rxb7 Ra8 25. Ra1 c3 26. Ne1 Kd8 27. Nc2 Kc8
28. Rb3 N7b6 29. Nb4 Nxb4 30. Rxb4 Nd5 31. Rc4+ Kd7 32. a4 f6 33. f4 Ra7 34.
Kf2 Rb7 35. Rc1 Rb2+ 36. Kg1 Ra2 37. R1xc3 Nxc3 38. Rxc3 Rxa4 39. Rd3 Ra1+ 40.
Kg2 Ra2+ 41. Kh3 Kc6 42. g4 Kd5 43. exf6 gxf6 44. Re3 Rd2 45. f5 exf5 46. gxf5
Rf2 47. Re7 Rxf5 48. Rxh7 Kxd4 49. Re7 Rh5+ 50. Kg3 Kd5 51. h4 Kd6 52. Re8 f5
53. Kh3 Kd7 54. Re1 Rh8 55. Kg3 Rh5 56. Kh3 Rh8 1/2-1/2

[Event "Torneo de Otoño C.C.C. 2016"]
[Site "Colmenarejo ESP"]
[Date "2016.10.30"]
[Round "6.7"]
[White "Olmedo Aznar, Eduardo"]
[Black "Alvarez Alba, Diego"]
[Result "1/2-1/2"]
[WhiteElo "1380"]
[BlackElo "1696"]
[PlyCount "71"]
[EventDate "2016.09.25"]
[EventType "swiss"]
[EventRounds "7"]
[EventCountry "ESP"]
[SourceTitle "AeM"]
[Source "lmi"]
[SourceDate "2016.09.25"]

1. d4 d5 2. c4 Nf6 3. Nc3 e6 4. e3 Bb4 5. a3 Bxc3+ 6. bxc3 b6 7. Nf3 Ba6 8. Ne5
O-O 9. Bd3 dxc4 10. Bxc4 Bxc4 11. Nxc4 Nc6 12. O-O Qd5 13. Qd3 Rfd8 14. f3 e5
15. e4 Qb5 16. Rb1 Qa6 17. Nxe5 Qb7 18. Nxc6 Qxc6 19. Bg5 Re8 20. Bxf6 Qxf6 21.
Rfe1 Qc6 22. Rb4 Qe6 23. d5 Qd6 24. c4 c6 25. Qe3 c5 26. Rb2 Re7 27. Rbe2 Rae8
28. Qc3 f6 29. g3 g5 30. Qb2 h5 31. Qc2 Kg7 32. Re3 Qe5 33. Qd3 Qd6 34. R3e2
Qe5 35. Kf2 Qd6 36. Qd2 1/2-1/2

[Event "Torneo de Otoño C.C.C. 2016"]
[Site "Colmenarejo ESP"]
[Date "2016.10.30"]
[Round "6.8"]
[White "Orta Vazquez, Mario"]
[Black "Lucarelli Nietch, Leonardo"]
[Result "0-1"]
[WhiteElo "1447"]
[BlackElo "1521"]
[PlyCount "82"]
[EventDate "2016.09.25"]
[EventType "swiss"]
[EventRounds "7"]
[EventCountry "ESP"]
[SourceTitle "AeM"]
[Source "lmi"]
[SourceDate "2016.09.25"]

1. c4 c5 2. Nc3 g6 3. e3 Bg7 4. d4 b6 5. Nf3 Bb7 6. Be2 Nf6 7. d5 d6 8. e4 O-O
9. O-O Nbd7 10. Bf4 Nh5 11. Be3 Re8 12. Ng5 Nhf6 13. a4 h6 14. Nf3 e5 15. Qd2
Ng4 16. h3 Nxe3 17. fxe3 Nf6 18. a5 bxa5 19. Nd1 Nxe4 20. Qxa5 Qxa5 21. Rxa5
Ng3 22. Rf2 e4 23. Nd2 Nxe2+ 24. Rxe2 f5 25. Nf2 Re7 26. b3 Bc8 27. Re1 Bc3 28.
Ra2 Rb7 29. Rb1 Rab8 30. Nf1 a5 31. Ng3 Rxb3 32. Rxb3 Rxb3 33. Ne2 Bb4 34. Nf4
Kf7 35. g4 Rxe3 36. Kg2 Bd7 37. Ne6 Bxe6 38. dxe6+ Kxe6 39. Nd1 Rd3 40. Nf2 Rd2
41. Ra1 e3 0-1

[Event "Torneo de Otoño C.C.C. 2016"]
[Site "Colmenarejo ESP"]
[Date "2016.10.30"]
[Round "6.9"]
[White "Fraga Suarez, Roberto"]
[Black "Almodovar Manzanares, Vicente"]
[Result "1-0"]
[WhiteElo "1857"]
[BlackElo "1530"]
[PlyCount "155"]
[EventDate "2016.09.25"]
[EventType "swiss"]
[EventRounds "7"]
[EventCountry "ESP"]
[SourceTitle "AeM"]
[Source "lmi"]
[SourceDate "2016.09.25"]

1. e4 c5 2. Nf3 d6 3. d4 cxd4 4. Nxd4 Nf6 5. Nc3 a6 6. Bg5 e5 7. Nf3 Be7 8. Bc4
b5 9. Bb3 Bb7 10. Bxf6 Bxf6 11. O-O O-O 12. Qe2 Qb6 13. Rfd1 Nd7 14. Rd2 Be7
15. Rad1 Nf6 16. a3 Rad8 17. h3 Nh5 18. Kh2 Nf4 19. Qe1 Kh8 20. g3 Ng6 21. Nd5
Bxd5 22. Bxd5 f5 23. Rd3 f4 24. g4 Nh4 25. Qe2 Nxf3+ 26. Rxf3 Bh4 27. Rdd3 Rf6
28. Rc3 Qd4 29. Rb3 Rc8 30. c3 Qb6 31. a4 Rc5 32. Bc4 Qc7 33. Bd5 bxa4 34. Rb7
Qd8 35. Qxa6 Rf8 36. Qxa4 Ra5 37. Qc4 Qc8 38. Rc7 Qb8 39. Rb7 Qc8 40. Qb3 Qd8
41. Qb4 Rc5 42. Qa4 Ra5 43. Qc2 h6 44. b4 Ra6 45. Qd3 Ra3 46. Qb5 Qc8 47. Qd7
Qxd7 48. Rxd7 Rd8 49. Rc7 Rb8 50. Kg2 Rb6 51. Kf1 Ra1+ 52. Kg2 Rb1 53. Bc4 Rb2
54. Kf1 Rb8 55. b5 Rb6 56. Ra7 Kh7 57. Ra6 Bd8 58. Rd3 Rxa6 59. bxa6 Bb6 60.
Rf3 Rb1+ 61. Kg2 g5 62. Bd3 Ra1 63. Bb5 Kg7 64. Rd3 Bc5 65. Rd2 Ra3 66. Rc2 Kf6
67. Bc4 Ke7 68. Kf3 Kd8 69. Ke2 Kc7 70. Bb5 Kb6 71. Bc4 Ka5 72. f3 Ra1 73. Rb2
Rh1 74. Kd3 Rxh3 75. Rb5+ Ka4 76. Rxc5 Rxf3+ 77. Kd2 dxc5 78. a7 1-0

[Event "Torneo de Otoño C.C.C. 2016"]
[Site "Colmenarejo ESP"]
[Date "2016.10.30"]
[Round "6.11"]
[White "Guerra Pantojo, Daniel"]
[Black "Vazquez Rodriguez, Maria Elena"]
[Result "0-1"]
[WhiteElo "1275"]
[BlackElo "1578"]
[PlyCount "130"]
[EventDate "2016.09.25"]
[EventType "swiss"]
[EventRounds "7"]
[EventCountry "ESP"]
[SourceTitle "AeM"]
[Source "lmi"]
[SourceDate "2016.09.25"]

1. e4 c5 2. b3 Nc6 3. Nf3 Nf6 4. d3 g6 5. Bb2 Bg7 6. Nc3 O-O 7. Qe2 d6 8. O-O-O
Qa5 9. Kb1 b5 10. d4 a6 11. dxc5 dxc5 12. h3 Nd7 13. Rd3 Nb4 14. Re3 Bxc3 15.
Bxc3 Qxa2+ 16. Kc1 Qa3+ 17. Kb1 Nc6 18. e5 c4 19. Bd2 Nb4 20. Bxb4 Qxb4 21. e6
Nf6 22. exf7+ Rxf7 23. Ng5 Rg7 24. g3 Nd5 25. Bg2 Bb7 26. Bxd5+ Bxd5 27. Rd1
Bb7 28. Rd7 h6 29. Rxb7 hxg5 30. Rbxe7 cxb3 31. Rxg7+ Kxg7 32. cxb3 Qf8 33.
Qb2+ Kg8 34. Qe5 Qf5+ 35. Qxf5 gxf5 36. Re5 Rf8 37. Re6 Kg7 38. Rxa6 Re8 39. f4
gxf4 40. gxf4 Re1+ 41. Ka2 Re2+ 42. Ka3 Re4 43. Ra5 b4+ 44. Ka4 Rxf4 45. Rb5
Kg6 46. Rxb4 Rf3 47. Rd4 Rxh3 48. b4 Rh1 49. Kb3 Kg5 50. Kc2 f4 51. Rd1 Rh3 52.
b5 f3 53. Rd2 Kf4 54. Kd3 Rh8 55. Kc4 Rc8+ 56. Kd4 Rd8+ 57. Kc3 Rb8 58. Kc4 Ke3
59. Rd3+ Ke2 60. Kd4 Rd8+ 61. Kc5 Rxd3 62. b6 Rb3 63. Kc6 f2 64. b7 f1=Q 65.
Kc7 Qf7+ 0-1

[Event "Torneo de Otoño C.C.C. 2016"]
[Site "Colmenarejo ESP"]
[Date "2016.10.30"]
[Round "6.14"]
[White "Mataix Serrano, Ricardo"]
[Black "Peña Negueruela, Francisco"]
[Result "0-1"]
[WhiteElo "1229"]
[BlackElo "1296"]
[PlyCount "24"]
[EventDate "2016.09.25"]
[EventType "swiss"]
[EventRounds "7"]
[EventCountry "ESP"]
[SourceTitle "AeM"]
[Source "lmi"]
[SourceDate "2016.09.25"]

1. e4 e5 2. Nf3 d6 3. d4 Nf6 4. Nc3 c6 5. dxe5 Ng4 6. Bf4 Qb6 7. Bg3 Qxb2 8.
Ne2 dxe5 9. h3 Bb4+ 10. Nd2 Bxd2+ 11. Kxd2 Nf6 12. Ke1 Nxe4 0-1

[Event "Torneo de Otoño C.C.C. 2016"]
[Site "Colmenarejo ESP"]
[Date "2016.11.06"]
[Round "7.1"]
[White "Garcia  Fernandez, Jose  Luis"]
[Black "Minguez Greciano, Iluminada"]
[Result "1/2-1/2"]
[WhiteElo "1789"]
[BlackElo "1803"]
[PlyCount "130"]
[EventDate "2016.09.25"]
[EventType "swiss"]
[EventRounds "7"]
[EventCountry "ESP"]
[SourceTitle "AeM"]
[Source "lmi"]
[SourceDate "2016.09.25"]

1. b3 d5 2. Bb2 Bg4 3. h3 Bf5 4. g4 Bg6 5. Bg2 e6 6. d3 Nd7 7. Nf3 Ngf6 8. Nbd2
Bd6 9. g5 Nh5 10. e3 Qe7 11. Qe2 O-O-O 12. O-O-O f5 13. d4 e5 14. dxe5 Nxe5 15.
Nxe5 Bxe5 16. Nf3 Bxb2+ 17. Kxb2 Nf4 18. Qf1 Nxg2 19. Qxg2 Bh5 20. Rd4 Rd6 21.
Ra4 Kb8 22. h4 c5 23. Qg3 Bxf3 24. Qxf3 Qe5+ 25. Kb1 Rhd8 26. Qf4 Qe6 27. Rd1
Ka8 28. Qf3 g6 29. h5 Qe5 30. hxg6 hxg6 31. Rh4 a6 32. Rh7 R8d7 33. Rdh1 c4 34.
Rh8+ Ka7 35. Rc8 cxb3 36. axb3 Rd8 37. Rxd8 Rxd8 38. Rd1 Rd6 39. Rd4 Kb6 40.
Qd1 Kc7 41. Qd2 b6 42. Qd3 b5 43. Qc3+ Rc6 44. Qa5+ Rb6 45. Rh4 Qg7 46. Ka2 Kb7
47. Rd4 Qe5 48. Qd2 Rd6 49. c4 Kc6 50. Qa5 bxc4 51. Qxa6+ Kd7 52. Qb5+ Ke7 53.
bxc4 Qe6 54. cxd5 Ra6+ 55. Kb3 Rb6 56. dxe6 Rxb5+ 57. Kc4 Re5 58. Rd7+ Kf8 59.
Rd6 Ke7 60. Ra6 Rxe6 61. Rxe6+ Kxe6 62. Kd4 Kd6 63. e4 fxe4 64. Kxe4 Ke6 65.
Kd4 Kf5 1/2-1/2

[Event "Torneo de Otoño C.C.C. 2016"]
[Site "Colmenarejo ESP"]
[Date "2016.11.06"]
[Round "7.2"]
[White "Garcia Diaz, Alejandro"]
[Black "Lopez Perolio, Jorge"]
[Result "0-1"]
[WhiteElo "1771"]
[BlackElo "1931"]
[PlyCount "48"]
[EventDate "2016.09.25"]
[EventType "swiss"]
[EventRounds "7"]
[EventCountry "ESP"]
[SourceTitle "AeM"]
[Source "lmi"]
[SourceDate "2016.09.25"]

1. e4 d5 2. exd5 Qxd5 3. Nc3 Qa5 4. d4 c6 5. Nf3 Nf6 6. Be2 Bf5 7. Bc4 e6 8.
O-O Qc7 9. Re1 Be7 10. Ne5 O-O 11. Bf4 Bd6 12. Bd3 Bxd3 13. Qxd3 Nbd7 14. Qf3
Nb6 15. Bh6 Rfd8 16. Qg3 Bf8 17. Rad1 Nbd5 18. Nxd5 Nxd5 19. c4 Ne7 20. Bf4 Qa5
21. Bg5 Rxd4 22. Bxe7 Rxd1 23. Rxd1 Bxe7 24. Qf3 Qxe5 0-1

[Event "Torneo de Otoño C.C.C. 2016"]
[Site "Colmenarejo ESP"]
[Date "2016.11.06"]
[Round "7.4"]
[White "De Andres Senra, Sergio Ivan"]
[Black "Mataix Fernandez, Ricardo"]
[Result "0-1"]
[WhiteElo "1642"]
[BlackElo "1807"]
[PlyCount "38"]
[EventDate "2016.09.25"]
[EventType "swiss"]
[EventRounds "7"]
[EventCountry "ESP"]
[SourceTitle "AeM"]
[Source "lmi"]
[SourceDate "2016.09.25"]

1. d4 e6 2. Nf3 d5 3. c4 c6 4. e3 f5 5. Nc3 Nf6 6. a3 Bd6 7. Be2 O-O 8. O-O
Nbd7 9. b4 Ne4 10. Bb2 g5 11. Nxe4 dxe4 12. Ne5 Qf6 13. Nxd7 Bxd7 14. Qd2 Qh6
15. g3 f4 16. Rfd1 fxg3 17. fxg3 Rf2 18. Kxf2 Qxh2+ 19. Kf1 Rf8+ 0-1

[Event "Torneo de Otoño C.C.C. 2016"]
[Site "Colmenarejo ESP"]
[Date "2016.11.06"]
[Round "7.5"]
[White "Lucarelli Nietch, Leonardo"]
[Black "Melcon Diez, Enrique"]
[Result "1/2-1/2"]
[WhiteElo "1521"]
[BlackElo "1641"]
[PlyCount "89"]
[EventDate "2016.09.25"]
[EventType "swiss"]
[EventRounds "7"]
[EventCountry "ESP"]
[SourceTitle "AeM"]
[Source "lmi"]
[SourceDate "2016.09.25"]

1. d4 Nf6 2. Nf3 g6 3. e3 Bg7 4. Bd3 O-O 5. Nbd2 d5 6. c3 c5 7. e4 cxd4 8. cxd4
dxe4 9. Nxe4 Nc6 10. Be3 Bg4 11. h3 Bxf3 12. Qxf3 Nxd4 13. Bxd4 Qxd4 14. Qe2
Nxe4 15. Bxe4 Qxb2 16. Qxb2 Bxb2 17. Rb1 Bc3+ 18. Ke2 Rfd8 19. Rxb7 e6 20. Rc1
Bd4 21. Rcc7 Rf8 22. Rd7 Rad8 23. f3 Rxd7 24. Rxd7 Bb6 25. a4 Rd8 26. Rxd8+
Bxd8 27. Kd3 f5 28. Bc6 Kf7 29. Ke3 Kf6 30. Bb5 Bb6+ 31. Ke2 Kg5 32. Kf1 Kh4
33. Bd7 e5 34. Bc6 h5 35. Be8 g5 36. Bd7 f4 37. Bf5 Bc5 38. Be4 g4 39. hxg4
hxg4 40. fxg4 Kxg4 41. Bf3+ Kf5 42. Bc6 e4 43. Ke2 Ke5 44. Bb7 Kd4 45. Bc6
1/2-1/2

[Event "Torneo de Otoño C.C.C. 2016"]
[Site "Colmenarejo ESP"]
[Date "2016.11.06"]
[Round "7.6"]
[White "Dominguez Coig, Alvaro"]
[Black "Martin Andres, Carlos"]
[Result "1-0"]
[WhiteElo "1621"]
[BlackElo "1507"]
[PlyCount "155"]
[EventDate "2016.09.25"]
[EventType "swiss"]
[EventRounds "7"]
[EventCountry "ESP"]
[SourceTitle "AeM"]
[Source "lmi"]
[SourceDate "2016.09.25"]

1. e4 e6 2. d4 d5 3. e5 c5 4. c3 Qb6 5. Nf3 Nc6 6. Bd3 Bd7 7. O-O cxd4 8. cxd4
Nxd4 9. Nxd4 Qxd4 10. Nc3 Qxe5 11. Re1 Qd6 12. Nb5 Qb8 13. Qf3 Bd6 14. Nxd6+
Qxd6 15. Bf4 Qe7 16. Qg3 f6 17. Bd6 Qf7 18. Rac1 Bc6 19. a4 a5 20. Bb5 Qd7 21.
Rc3 Nh6 22. Bd3 Kf7 23. Qf4 Rhd8 24. Bc5 Kg8 25. Bb6 Re8 26. Qg3 e5 27. Be3 d4
28. Rxc6 bxc6 29. Bxh6 Kh8 30. Bd2 Re7 31. Re4 f5 32. Rh4 g6 33. Bg5 f4 34.
Bf6+ Kg8 35. Bc4+ Kf8 36. Qg5 Ra7 37. Bxe7+ Qxe7 38. Qxe7+ Rxe7 39. Kf1 Kg7 40.
Ke2 g5 41. Rh3 h6 42. Rb3 e4 43. Rb6 d3+ 44. Kd1 Rd7 45. Rxc6 e3 46. fxe3 fxe3
47. Re6 Rd4 48. b3 Rg4 49. g3 h5 50. Bxd3 h4 51. Rxe3 Kf6 52. Re4 Rxe4 53. Bxe4
Ke5 54. Bg2 Kf5 55. Kc2 hxg3 56. hxg3 Kg4 57. Kc3 Kxg3 58. Bc6 Kf4 59. Kc4 Ke5
60. Kc5 g4 61. Kb5 Kd6 62. Bh1 Kc7 63. Kxa5 Kb8 64. Kb6 g3 65. b4 Kc8 66. a5
Kd7 67. a6 Ke6 68. a7 Kf5 69. a8=Q Kg4 70. Qg2 Kh4 71. Kc7 Kg4 72. b5 Kh4 73.
b6 Kg4 74. b7 Kh4 75. b8=Q Kg4 76. Qc8+ Kh4 77. Qg8 Kh5 78. Qh3# 1-0

[Event "Torneo de Otoño C.C.C. 2016"]
[Site "Colmenarejo ESP"]
[Date "2016.11.06"]
[Round "7.9"]
[White "Vazquez Rodriguez, Maria Elena"]
[Black "Peña Hernandez, Francisco"]
[Result "0-1"]
[WhiteElo "1578"]
[BlackElo "1393"]
[PlyCount "150"]
[EventDate "2016.09.25"]
[EventType "swiss"]
[EventRounds "7"]
[EventCountry "ESP"]
[SourceTitle "AeM"]
[Source "lmi"]
[SourceDate "2016.09.25"]

1. d4 d5 2. c4 Nc6 3. Nc3 e6 4. Nf3 h6 5. Bf4 a6 6. e3 Nf6 7. cxd5 Nxd5 8. Bg3
Bb4 9. Rc1 O-O 10. a3 Nxc3 11. bxc3 Bxa3 12. Ra1 Bb2 13. Ra4 Bxc3+ 14. Nd2 e5
15. dxe5 Bxe5 16. Qc2 Bxg3 17. hxg3 Qf6 18. Ne4 Qg6 19. Bd3 Ne5 20. Be2 Qc6 21.
Qd1 Bf5 22. f3 Rad8 23. Qa1 Nd3+ 24. Bxd3 Rxd3 25. Ra3 Rxa3 26. Qxa3 Bxe4 27.
fxe4 Qxe4 28. Kf2 Rd8 29. Qc3 c6 30. Rh4 Qd3 31. Qe5 Qd6 32. Qe4 Qe6 33. Qb4
Qd7 34. Rd4 Qf5+ 35. Rf4 Qc8 36. Qe7 Rd7 37. Qe5 Rd5 38. Qe4 Qe6 39. Qb4 Rf5
40. Qxb7 Rxf4+ 41. gxf4 Qc4 42. Qc8+ Kh7 43. Qf5+ g6 44. Qc8 a5 45. g4 Qe6 46.
Qc7 a4 47. Qa7 Qa2+ 48. Kg3 a3 49. Qe7 Qe6 50. Qxa3 Qd5 51. Qf8 c5 52. Qe7 Kg7
53. g5 hxg5 54. fxg5 c4 55. Qf6+ Kf8 56. Qh8+ Ke7 57. Qf6+ Kd7 58. Qc3 Qxg5+
59. Kf3 Qd5+ 60. Kf4 Qd3 61. Qd4+ Qxd4+ 62. exd4 c3 63. Ke3 Kd6 64. Kd3 Kd5 65.
Kxc3 f5 66. Kd3 g5 67. Ke3 f4+ 68. Kf3 Kxd4 69. Ke2 Ke4 70. Kf2 g4 71. Kg2 Ke3
72. Kf1 f3 73. Ke1 g3 74. Kf1 g2+ 75. Kg1 Ke2 0-1

[Event "Torneo de Otoño C.C.C. 2016"]
[Site "Colmenarejo ESP"]
[Date "2016.11.06"]
[Round "7.10"]
[White "Olmedo Alvarez, Jesus"]
[Black "Blanco Ruiz, Cesar"]
[Result "0-1"]
[WhiteElo "1335"]
[BlackElo "1539"]
[PlyCount "46"]
[EventDate "2016.09.25"]
[EventType "swiss"]
[EventRounds "7"]
[EventCountry "ESP"]
[SourceTitle "AeM"]
[Source "lmi"]
[SourceDate "2016.09.25"]

1. d4 Nf6 2. c4 g6 3. Nc3 d5 4. Nf3 Bg7 5. Bf4 O-O 6. e3 c5 7. b3 Qa5 8. Rc1
cxd4 9. exd4 Ne4 10. Qc2 Nc6 11. cxd5 Nxc3 12. Qxc3 Qxc3+ 13. Rxc3 Nxd4 14.
Nxd4 Bxd4 15. Rc7 Bf6 16. Bg3 Rd8 17. Bc4 b5 18. Bxb5 Rxd5 19. Bc6 Bc3+ 20. Ke2
Ba6+ 21. Kf3 Rd3+ 22. Kg4 Bc8+ 23. Kf4 Bd2+ 0-1

[Event "Torneo de Otoño C.C.C. 2016"]
[Site "Colmenarejo ESP"]
[Date "2016.11.06"]
[Round "7.11"]
[White "Orta Vazquez, Mario"]
[Black "Olmedo Aznar, Eduardo"]
[Result "1/2-1/2"]
[WhiteElo "1447"]
[BlackElo "1380"]
[PlyCount "56"]
[EventDate "2016.09.25"]
[EventType "swiss"]
[EventRounds "7"]
[EventCountry "ESP"]
[SourceTitle "AeM"]
[Source "lmi"]
[SourceDate "2016.09.25"]

1. c4 f5 2. Nc3 e6 3. Nf3 Nf6 4. d3 Nc6 5. Bg5 Be7 6. e3 O-O 7. Be2 d5 8. cxd5
Nxd5 9. Bxe7 Qxe7 10. O-O Nb6 11. Rc1 a6 12. Re1 Qf6 13. d4 e5 14. Qb3+ Kh8 15.
dxe5 Nxe5 16. Nd5 Nxd5 17. Qxd5 Nxf3+ 18. Bxf3 c6 19. Qc5 Be6 20. b3 Rfd8 21.
Red1 Rxd1+ 22. Rxd1 Rd8 23. Rxd8+ Qxd8 24. g3 Qf6 25. Kg2 Kg8 26. Qb6 Qe7 27.
Qd4 Kf7 28. Qd2 Qd7 1/2-1/2

[Event "Torneo de Otoño C.C.C. 2016"]
[Site "Colmenarejo ESP"]
[Date "2016.11.06"]
[Round "7.14"]
[White "Peña Negueruela, Francisco"]
[Black "Alonso Saiz, Luis"]
[Result "0-1"]
[WhiteElo "1296"]
[BlackElo "1419"]
[PlyCount "114"]
[EventDate "2016.09.25"]
[EventType "swiss"]
[EventRounds "7"]
[EventCountry "ESP"]
[SourceTitle "AeM"]
[Source "lmi"]
[SourceDate "2016.09.25"]

1. e4 c5 2. Nc3 g6 3. b3 Bg7 4. Bb2 e6 5. Nf3 Nc6 6. Na4 Bxb2 7. Nxb2 Nf6 8. d3
d6 9. c4 e5 10. h3 Nh5 11. g3 Nb4 12. a3 Nc6 13. Bg2 Ng7 14. Na4 Ne6 15. h4 Bd7
16. Qd2 Ned4 17. Nxd4 Nxd4 18. Rb1 O-O 19. Nc3 f5 20. O-O f4 21. Qd1 Qc8 22.
Nd5 Qd8 23. Kh2 Kg7 24. Bh3 Bc6 25. Rb2 Bxd5 26. cxd5 Qf6 27. Kg2 h6 28. b4 b6
29. bxc5 dxc5 30. a4 Rh8 31. h5 Qg5 32. hxg6 Qxg6 33. Qg4 Qxg4 34. Bxg4 h5 35.
Bd1 Rac8 36. Rh1 Kg6 37. g4 h4 38. Kh3 Rcd8 39. f3 Rd6 40. a5 Kg5 41. Rf1 b5
42. Ra2 b4 43. Rff2 Rb8 44. Rfb2 Rd7 45. a6 Rb6 46. Ba4 Rdd6 47. Bd1 Rxa6 48.
Rxa6 Rxa6 49. Rb1 Nb5 50. Bb3 Nc3 51. Bc4 Rb6 52. Ra1 b3 53. d6 b2 54. Rh1 a5
55. d7 Rb8 56. Kg2 a4 57. Kf2 a3 0-1